Tous les clubs qui ont gagné la ligue 2 depuis 2000 - Statistiques

Statistiques générales
  • Ce quiz a été pris 90 fois
  • Le résultat moyen est 18 sur 26
Statistiques - réponses
Hint Réponse % Correct
2009 Lens
91%
2007 Metz
88%
2014 Metz
88%
2019 Metz
88%
2013 Monaco
83%
2004 St Etienne
83%
2003 Toulouse
83%
2022 Toulouse
83%
2015 Troyes
83%
2021 Troyes
83%
2020 Lorient
79%
2025 Lorient
79%
2017 Strasbourg
76%
2024 Auxerre
72%
2018 Reims
71%
2005 Nancy
68%
2016 Nancy
68%
2002 Ajaccio
67%
2008 Le Havre
67%
2023 Le Havre
67%
2012 Bastia
64%
2001 Sochaux
59%
2010 Caen
53%
2006 Valenciennes
47%
2000 LOSC
11%
2011 Thonon Gaillard
1%
Aucun quiz correspondant
Distribution des résultats
% des personnes avec chaque résultat
Percentile par nombre de réponses
Votre historique - résultats
Vous n’avez pas pris ce quiz